000 00846nam a2200277 a 4500
001 21063
003 BD-RjUL
005 20211209000638.0
008 140303s1978 mau 000 1 eng d
020 _a0805781625
035 _a(BD-RjUL)21126
040 _aLC
_beng
_cLC
_dLC
_dBD-RjUL
041 1 _aengnor
082 0 4 _a839.82372
_bNOR 1978
100 1 _aNordra, Olav,
_d1919-
_965084
245 1 0 _aRed harvest /
_cOlav Nordra ; translated from the Norwegian and with an introd. by Erik J. Friis.
260 _aBoston :
_bTwayne Publishers,
_cc1978.
300 _axiii, 190 p. ;
_c21 cm.
500 _aTranslation of Rod host.
651 0 _aNorway
_vFiction.
_965086
942 _2ddc
_cBK
999 _c21063
_d21063